Charles spielberger : "measurements of emotions - anger, anxiety, depression and curiosity as psychological vital signs."

Dr Charles Spielberger discusses anger, anxiety, depression, curiosity, and the different ways of measuring each of these emotions. He also examines how each of these emotions is seen in popular culture.

Bibliographic Details
Format: Video
Language:English
Language Notes:Closed-captions in English.
Published: Akron, Ohio, United States : The Cummings Center for the History of Psychology, 2010.
Subjects:
Online Access:Connect to this streaming video

MARC

Tag First Indicator Second Indicator Subfields
LEADER 00000cgm a2200000Mi 4500
001 in00005512321
006 m o c
007 vz |za|||
007 cr |za||||||||
008 160712s2010 ohu059 f o vleng d
005 20241105202751.3
035 |a (OCoLC)on1017724777 
040 |a SGPBL  |b eng  |e rda  |e pn  |c SGPBL  |d OCLCO  |d OCLCF  |d NRC  |d OCLCQ  |d OCLCO  |d OCLCA  |d OCLCO  |d OCLCL 
020 |a 9781473981980  |q (streaming video) 
020 |a 1473981980 
035 |a (OCoLC)1017724777 
041 0 |j eng 
050 4 |a BF531 
082 0 4 |a 152.4  |2 23 
049 |a TXAM 
245 0 0 |a Charles spielberger :  |b "measurements of emotions - anger, anxiety, depression and curiosity as psychological vital signs." 
264 1 |a Akron, Ohio, United States :  |b The Cummings Center for the History of Psychology,  |c 2010. 
300 |a 1 online resource (1 video file (59 min., 52 sec.)) :  |b sound, colour 
336 |a two-dimensional moving image  |b tdi  |2 rdacontent 
337 |a computer  |b c  |2 rdamedia 
338 |a online resource  |b cr  |2 rdacarrier 
511 0 |a Presenter, Charles Spielberger. 
520 8 |a Dr Charles Spielberger discusses anger, anxiety, depression, curiosity, and the different ways of measuring each of these emotions. He also examines how each of these emotions is seen in popular culture. 
521 |a Specialized. 
546 |a Closed-captions in English. 
588 0 |a Online resource; title from home page (viewed on July 21, 2016). 
650 0 |a Emotions. 
650 7 |a Emotions.  |2 fast  |0 (OCoLC)fst00908819 
655 7 |a Internet videos.  |2 fast  |0 (OCoLC)fst01750214 
655 7 |a Nonfiction television programs.  |2 fast  |0 (OCoLC)fst01710270 
655 7 |a Nonfiction television programs.  |2 lcgft 
655 7 |a Internet videos.  |2 lcgft 
655 7 |a Émissions télévisées autres que de fiction.  |2 rvmgf 
655 7 |a Vidéos sur Internet.  |2 rvmgf 
700 1 |a Spielberger, Charles Donald,  |d 1927-2013,  |e on-screen presenter. 
758 |i has work:  |a Charles spielberger (MovingImage)  |1 https://id.oclc.org/worldcat/entity/E39PCGfkkJRxJRvtw6BvHPd7tq  |4 https://id.oclc.org/worldcat/ontology/hasWork 
856 4 0 |u http://proxy.library.tamu.edu/login?url=https://sk.sagepub.com/video/charles-spielberger-measurements-of-emotions-anger-anxiety-depression-and-curiosity-as-psychological-v  |z Connect to this streaming video  |t 0 
955 |a SAGE Knowledge Video Psychology 
994 |a 92  |b TXA 
999 f f |s 17dc3994-c318-4dfb-bcd2-85de073eb3f2  |i 59b19d27-5208-44f8-8082-eb84b22ca2f9  |t 0 
952 f f |a Texas A&M University  |b College Station  |c Electronic Resources  |d Available Online  |t 0  |e BF531   |h Library of Congress classification 
998 f f |a BF531   |t 0  |l Available Online